| 000 | 00730nam a2200229Ia 4500 | ||
|---|---|---|---|
| 003 | GCL | ||
| 008 | 140319s9999 xx 000 0 ara d | ||
| 020 | _a6844509953 | ||
| 040 |
_aGCL / _cGCL |
||
| 082 | 0 | 4 |
_a510.92 _bم ر |
| 245 | 1 | 0 | _aرياضيات عمر الخيام |
| 250 | _aالاولى | ||
| 260 |
_aبيروت : _bمركز دراسات الوحدة العربية ، _c2005 |
||
| 300 |
_a390ص ؛ _c24سم |
||
| 490 |
_aسلسلة تاريخ العلوم عند العرب _v7 |
||
| 650 | 0 | 4 | _aالرياضيات |
| 650 | 0 | 4 | _aالرياضيات - نظريات |
| 650 | 0 | 4 | _aالرجال - تراجم |
| 650 | 0 | 4 | _aعمر الخيام |
| 650 | 0 | 4 | _aالرياضيات عند المسلمين |
| 942 |
_2ddc _cBK |
||
| 999 |
_c7540 _d7540 |
||